Finančné krízy a nákaza na rozvíjajúcich sa trhoch

Analýza rozvíjajúcich sa trhov a úkazu, ktorý možno označiť pojmom „nákaza“. Mexická kríza z roku 1994, Ázijská kríza z roku 1997, Ruská kríza z roku 1998, krízy vyskytujúce sa na rozvíjajúcich sa trhoch v 90. rokoch minulého storočia. Dva hlavné spôsoby šírenia finančnej nákazy. Prvým je regionáln...

Description complète

Enregistré dans:
Détails bibliographiques
Auteur principal: Kóňa, Jakub, 1995-
Autres auteurs: Kóňa, Andrej
Format: Chapitre de livre
Langue:slovaque
Sujets:
Tags: Ajouter un tag
Pas de tags, Soyez le premier à ajouter un tag!

MARC

LEADER 00000naa a2200000 4500
001 0260858
005 20240502074133.9
041 0 |a slo 
044 |a SK 
245 1 0 |a Finančné krízy a nákaza na rozvíjajúcich sa trhoch 
520 |a Analýza rozvíjajúcich sa trhov a úkazu, ktorý možno označiť pojmom „nákaza“. Mexická kríza z roku 1994, Ázijská kríza z roku 1997, Ruská kríza z roku 1998, krízy vyskytujúce sa na rozvíjajúcich sa trhoch v 90. rokoch minulého storočia. Dva hlavné spôsoby šírenia finančnej nákazy. Prvým je regionálna blízkosť krajín, ktoré majú intenzívne obchodné vzťahy. Druhým je skupina investorov, ktorý sa aj napriek diverzifikácii investičného portfólia správajú ako homogénna skupina, ktorá môže svojím konaním spôsobiť negatívne symptómy finančnej nákazy. 
610 2 0 |a kríza 
610 2 0 |a kríza finančná 
610 2 0 |a trhy 
610 2 0 |a kríza finančná 
610 2 0 |a vzťahy obchodné 
610 2 0 |a investori 
100 1 |a Kóňa, Jakub, 1995- 
700 1 |a Kóňa, Andrej